Opolska bezpieka 1945-1956

Titel: Opolska bezpieka 1945-1956 : struktury - kadry i obsada stanowisk kierowniczych cywilnych organów bezpieczeństwa państwa na Śląsku Opolskim : informator personalny / Ksawery Jasiak ; Instytut Pamięci Narodowej - Komisja Ścigania Zbrodni przeciwko Narodowi Polskiemu
Verfasser:
Körperschaft:
Veröffentlicht: Wrocław; Warszawa : Instytut Pamięci Narodowej, 2025
Umfang: 927 Seiten : Illustrationen, Porträts, Tabellen ; 25 cm
Format: Buch
Sprache: Polnisch
Schriftenreihe/
mehrbändiges Werk:
Struktury i Metody Działania Aparatu Bezpieczeństwa w Polsce 1944-1989/90
Schlagworte:
ISBN: 9788383765143
Buchumschlag
X
alg: 54013301
001A    $03004:05-12-25 
001B    $03025:08-04-26 $t08:24:58.000 
001D    $03004:05-12-25 
001U    $0utf8 
001X    $00 
002@    $0Aau 
002C    $aText $btxt $2rdacontent 
002D    $aohne Hilfsmittel zu benutzen $bn $2rdamedia 
002E    $aBand $bnc $2rdacarrier 
003@    $0540133019 
003O    $01559119301 $aOCoLC 
004A    $A978-83-8376-514-3 
007A    $0BV050504074 $aBVB 
009P    $qapplication/pdf $A2 $3Buch Bibliographie $uhttp://scans.hebis.de/HEBCGI/show.pl?54013301_bib.pdf $mV:DE-603;B:DE-Mb50 
009P    $qapplication/pdf $A2 $3Cover $uhttp://scans.hebis.de/HEBCGI/show.pl?54013301_cov.pdf $mV:DE-603;B:DE-Mb50 
009P    $qapplication/pdf $A2 $3Abstract $uhttp://scans.hebis.de/HEBCGI/show.pl?54013301_sum.pdf $mV:DE-603;B:DE-Mb50 
009P    $qapplication/pdf $A2 $3Inhaltsverzeichnis $uhttp://scans.hebis.de/HEBCGI/show.pl?54013301_toc.pdf $mV:DE-603;B:DE-Mb50 
010@    $apol 
010E    $erda 
011@    $a2025 $n2025 
013D    $RFührer $#Directories $#Répertoires $#Repertorium Verzeichnis $74188171-0 $8Verzeichnis [Ts1] $9085925047 
021A    $aOpolska bezpieka 1945-1956 $dstruktury - kadry i obsada stanowisk kierowniczych cywilnych organów bezpieczeństwa państwa na Śląsku Opolskim : informator personalny $hKsawery Jasiak ; Instytut Pamięci Narodowej - Komisja Ścigania Zbrodni przeciwko Narodowi Polskiemu 
027A    $aStruktury - kadry i obsada stanowisk kierowniczych cywilnych organów bezpieczeństwa państwa na Śląsku Opolskim : informator personalny 
028A    $BVerfasser $4aut $71133585442 $8Jasiak, Ksawery$Z1977- [Tp3] $9404033873 
029F    $BHerausgebendes Organ $#Instytut Pamięci Narodowej - Komisja Ścigania Zbrodni przeciwko Narodowi Polskiemu $#Institut des Nationalen Gedenkens $#Institut für Nationales Gedenken $#Institut für Nationales Gedenken - Kommission zur Strafverfolgung von Verbrechen gegen das Polnische Volk $#Institut nacionalʹnoj pamjati Respubliki Polʹša $#Institute of National Remembrance $#Institute of National Remembrance - Commission For the Prosecution of Crimes Against the Polish Nation $#Institutul Memoriei Naţionale - Comisia pentru Condamnarea Crimelor Împotriva Naţiunii Poloneze $#Instytut Pamięci Narodowej Warszawa $#IPN $#Tautos Atminties Institutas $#Lenkijos Tautos Atminties Institutas $#Lenkijos Tautos Atminties Institutas - Baudžiamojo Persekiojimo už Nusikaltimus Lenkų Tautai Komisija $#Instytut nacionalʹnoï pamʼjati - Komisija z peresliduvannja zločyiniv proty polʹskoho narodu $#Iнститут нацiональноï памʼятi - Комiсiя з переслiдування злочиiнiв проти польского народу $4isb $75525847-5 $8Instytut Pamięci Narodowej [Tb1] $910102116X 
033A    $pWrocław $pWarszawa $nInstytut Pamięci Narodowej 
034D    $a927 Seiten 
034I    $a25 cm 
034M    $aIllustrationen, Porträts, Tabellen 
036G    $aStruktury i Metody Działania Aparatu Bezpieczeństwa w Polsce 1944-1989/90 
037A    $aLiteraturverzeichnis Seite 815-853 
044K    $ROppeln $#Oppeln $71008442-3 $8Opole [Tg1] $9041913132 
044K    $RPolen $#Polen, Ministerstwo Spraw Wewnętrznych, Służba Bezpieczeństwa $#Bezpieka Körperschaft $#MSW, SB $#Służba Bezpieczeństwa PRL $71300666773 $8Polen$bSłużba Bezpieczeństwa [Tb1] $9511237235 
044K    $RArbeitnehmer $RBelegschaft $RMitarbeiterin $#Employees $#Personnel $#Mitarbeiter $#Personal $#Personal $#Personal $74120744-0 $8Mitarbeiter [Ts1] $9085387053 
044K    $#Organisationsstruktur $#Organisationsstruktur $#Organisation Struktur $#Unternehmen Organisationsstruktur $74115464-2 $8Organisationsstruktur [Ts1] $9085349003 
045F    $a351.09 $eDDC22BSB 
045F/01 $a351.09 
045F/03 $f09045 
045F/03 $f09044 
045F/03 $g438 
045F/03 $g4385 
045R    $aGeschichte 1945-1956 
045T    $aOST $qDE-12 $2FID 

lok: 54013301 24

exp: 54013301 24 1 #EPN
201B/01 $020-01-26 $t13:17:28.000 
201C/01 $005-12-25 
201U/01 $0utf8 
203@/01 $01328294609 
208@/01 $a20-01-26 $bz 
209A/01 $a25.07059 $du $f050 $h25 07059 $x00 
209C/01 $a25.07059 K $h25 07059 K 
209G/01 $a75147317 $x00 
220C/01 $ahae 
247C/01 $8358050-7 Marburg, Bibliothek des Herder-Instituts Marburg $9102600961 

lok: 54013301 78

exp: 54013301 78 1 #EPN
201B/01 $017-12-25 $t10:58:40.000 
201C/01 $017-12-25 
201U/01 $0utf8 
203@/01 $01329657195 
208@/01 $a17-12-25 $be 
209A/01 $a/ $f000 $x00 
209A/01 $ab*p $x01 
220C/01 $apgar 
244Z/01 $#Generalgouvernement Polen $#Polska $#Rzeczpospolita Polska $#Polska Rzeczpospolita Ludowa $#Poland $#Pologne $#République Polonaise $#Generalne Gubernatorstwo w Polsce $#Polish People's Republic $#Polska Rzeczpospolita Polen $#PRL $#RP $#Polen Generalgouvernement $#Polska Generalgouvernement $#Besetzte Polnische Gebiete $#Besetztes Gebiet in Polen $#Okupowane Polskie Obszary $#Obszary Okupowane w Polsce $#Volksrepublik Polen $#Polska Rosyjska $#Republic Polen $#Respublika Pol'ša $#Pol'skaja Narodnaja Respublika $#République de Pologne $#Polen Links der Weichsel $#Polska po Lewej Stronie Wisły $#Lenkija $#Polija $#Gubernija Carstva Pol'skago $#Republik Polen $74046496-9 $8--Tg1--Polen $x01 $9085129801 
244Z/01 $#Schlesien $#Schlesien $#Herzogtum Schlesien $#Herzogtum Schlesien Schlesien $#Provinz Schlesien $#Śla̜sk $#Slezsko $#Silesia $74052678-1 $8--Tg1--Schlesien $x02 $9085146781 
247C/01 $82080>Marburg/Lahn, Herder-Institut, Forschungsbibliothek, Bibliographieportal $9336309341
LEADER 00000cam a2200000 c 4500
001 540133019
003 DE-603
005 20260408082458.0
007 tu
008 251205s2025 xx |||| | u00||u|pol c
020 |a 9788383765143 
035 |a (DE-599)BVBBV050504074 
035 |a (OCoLC)1559119301 
040 |a DE-603  |b ger  |c DE-603  |d DE-603  |e rda 
041 |a pol 
082 0 4 |8 1\u  |a 351.09  |q DE-101  |2 22/BSB 
084 |a OST  |q DE-12  |2 fid 
085 |8 1\u  |b 351.09 
085 |8 1\u  |z 1  |s 09045 
085 |8 1\u  |z 1  |s 09044 
085 |8 1\u  |z 2  |s 438 
085 |8 1\u  |z 2  |s 4385 
100 1 |a Jasiak, Ksawery  |d 1977-  |e Verfasser  |4 aut  |0 (DE-603)404033873  |0 (DE-588)1133585442  |2 gnd 
245 0 0 |a Opolska bezpieka 1945-1956  |b struktury - kadry i obsada stanowisk kierowniczych cywilnych organów bezpieczeństwa państwa na Śląsku Opolskim : informator personalny  |c Ksawery Jasiak ; Instytut Pamięci Narodowej - Komisja Ścigania Zbrodni przeciwko Narodowi Polskiemu 
246 1 3 |a Struktury - kadry i obsada stanowisk kierowniczych cywilnych organów bezpieczeństwa państwa na Śląsku Opolskim : informator personalny 
264 1 |a Wrocław  |a Warszawa  |b Instytut Pamięci Narodowej  |c 2025 
300 |a 927 Seiten  |b Illustrationen, Porträts, Tabellen  |c 25 cm 
336 |a Text  |b txt  |2 rdacontent 
337 |a ohne Hilfsmittel zu benutzen  |b n  |2 rdamedia 
338 |a Band  |b nc  |2 rdacarrier 
490 0 |a Struktury i Metody Działania Aparatu Bezpieczeństwa w Polsce 1944-1989/90 
500 |a Literaturverzeichnis Seite 815-853 
610 1 7 |a Polen  |b Służba Bezpieczeństwa  |2 gnd  |0 (DE-588)1300666773  |0 (DE-603)511237235 
648 7 |a Geschichte 1945-1956  |2 gnd 
650 7 |a Mitarbeiter  |0 (DE-588)4120744-0  |0 (DE-603)085387053  |2 gnd 
650 7 |a Organisationsstruktur  |0 (DE-588)4115464-2  |0 (DE-603)085349003  |2 gnd 
651 7 |a Opole  |0 (DE-588)1008442-3  |0 (DE-603)041913132  |2 gnd 
655 7 |a Verzeichnis  |2 gnd-content  |0 (DE-588)4188171-0  |0 (DE-603)085925047 
710 2 |a Instytut Pamięci Narodowej  |e Herausgebendes Organ  |4 isb  |0 (DE-603)10102116X  |0 (DE-588)5525847-5  |2 gnd 
856 4 2 |m V:DE-603;B:DE-Mb50  |q application/pdf  |u http://scans.hebis.de/HEBCGI/show.pl?54013301_bib.pdf  |3 Buch Bibliographie 
856 4 2 |m V:DE-603;B:DE-Mb50  |q application/pdf  |u http://scans.hebis.de/HEBCGI/show.pl?54013301_cov.pdf  |3 Cover 
856 4 2 |m V:DE-603;B:DE-Mb50  |q application/pdf  |u http://scans.hebis.de/HEBCGI/show.pl?54013301_sum.pdf  |3 Abstract 
856 4 2 |m V:DE-603;B:DE-Mb50  |q application/pdf  |u http://scans.hebis.de/HEBCGI/show.pl?54013301_toc.pdf  |3 Inhaltsverzeichnis 
924 0 |9 Mb 50  |a (DE-603)1328294609  |b DE-Mb50  |c HES  |d c  |g 25.07059 
924 0 |9 2080  |a (DE-603)1329657195  |b DE-2080  |c HES  |d d  |g /